黑龙江人口最多的20个县级行政区 20 most populous county-level regions in Heilongjiang - Statistics

General Stats
  • This quiz has been taken 51 times
  • The average score is 16 of 20
Answer Stats
人口 地市 县区 % Correct
72 哈尔滨市 五常市
100%
110 哈尔滨市 道里区
97%
81 哈尔滨市 道外区
97%
50 哈尔滨市 阿城区
93%
112 哈尔滨市 香坊区
90%
139 哈尔滨市 南岗区
87%
77 哈尔滨市 呼兰区
87%
46 哈尔滨市 尚志市
87%
41 哈尔滨市 松北区
87%
63 哈尔滨市 双城区
80%
59 大庆市 让胡路区
80%
44 哈尔滨市 宾县
80%
41 齐齐哈尔市 龙江县
80%
67 绥化市 肇东市
77%
44 齐齐哈尔市 讷河市
73%
52 大庆市 龙凤区
70%
70 绥化市 北林区
67%
42 哈尔滨市 巴彦县
67%
41 佳木斯市 富锦市
67%
48 绥化市 海伦市
57%
No matching quizzes found
Score Distribution
Percent of People with Each Score
Percentile by Number Answered
Your Score History
You have not taken this quiz